000
00316nam a2200133Ia 4500
008
240624s9999 xx 000 0 und d
041
_a
eng
082
_a
920 MEN
100
_a
MENON SURESH
245
_a
PATAUDI NAWAB OF CRICKET
260
_c
2013
_a
New Delhi
_b
Harper Sport
300
_a
200 : p.
365
_c
RS
_b
25
999
_c
22166
_d
22166